La perspectiva de la discapacidad, de gňero y de la sostenibilidad ambiental en la proteccin̤ de las personas consumidoras en el comercio electrn̤ico

Detalles Bibliográficos
Autor principal: Jord ̉Capitǹ, Eva R.
Formato: eBook
Lenguaje:español
Publicado: Madrid: Dykinson, 2021
Materias:
Acceso en línea:Acceso restringido

MARC

LEADER 00000nam a22000007a 4500
005 20220610222021.0
007 cr|||| ||||
008 220610s2021 es |||||s|||| 00||0 spa d
020 |a 978-84-1122-038-5 
035 |a 36088 
040 |a vLex 
090 |c 13412  |d 13412 
100 1 |a Jord ̉Capitǹ, Eva R. 
245 1 2 |a La perspectiva de la discapacidad, de gňero y de la sostenibilidad ambiental en la proteccin̤ de las personas consumidoras en el comercio electrn̤ico  |h [Recurso electrn̤ico] /  |c Eva R. Jord ̉Capitǹ 
256 |a Servicio en ln̕ea 
260 |a Madrid:  |b Dykinson,   |c 2021 
300 |a 1 recurso electrn̤ico 
500 |a Una de las consecuencias de la crisis sanitaria derivada de la Covid- 19 ha sido el incremento de las adquisiciones de bienes de consumo a travš de internet. Con este trabajo se pretende exponer una reflexin̤ sobre la relacin̤ entre el comercio electrn̤ico y la perspectiva de la sostenibilidad ambiental, de gňero y de la discapacidad y la proteccin̤ de los intereses de las personas consumidoras desde las mismas. El punto de partida serǹ los Objetivos de Desarrollo Sostenible de las Naciones Unidas y la declaracin̤ de que nadie debe quedar atrs̀. En cuanto a las personas en situacin̤ de discapacidad, en la medida en que su acceso al comercio electrn̤ico en condiciones de igualdad respecto de consumidores que no se encuentren en dicha situacin̤ puede estar comprometida; respecto a las mujeres como consumidoras, para comprobar la presencia de la perspectiva de gňero en la normativa que de modo fundamental tiene por finalidad la defensa de los denominados derechos bs̀icos de los consumidores; y en tercer lugar, se centra la atencin̤ en el papel que la persona consumidora est ̀llamada a desempeąr en materia de consumo sostenible contribuyendo as ̕a la proteccin̤ ambiental. Partiendo de lo declarado en la Constitucin̤ Espaǫla, se aborda un estudio descriptivo y crt̕ico de la forma en que las tres perspectivas y se encuentran integrados en el Texto refundido de la Ley General para la Defensa de Consumidores y Usuarios. Ciencias Jurd̕icas y Sociales. Eva R. Jord ̀Capitǹ. La autora es profesora de la URJC. 
506 1 |a Disponible solo en los productos indicados  |d vLex Global  |d vLex Global (Academic Edition, excluding Law Schools)  |d vLex Global (U.S. Academic Edition, Law Schools)  |d vLex Global (U.S. Academic Edition, excluding Law Schools)  |d vLex Global (Academic Edition, Law Schools) 
650 0 4 |a Derecho Civil  |z Espaą 
650 0 4 |a Derecho de las Nuevas Tecnologa̕s  |z Espaą 
650 0 4 |a Derecho del Medio Ambiente  |z Espaą 
740 0 |a vLex Libros (Servicio en ln̕ea) 
856 4 0 |u https://app.vlex.com/#/sources/36088  |z Acceso restringido 
942 |c BOOK 
999 0 |a Civil Law 
999 0 |a Law of New Technologies 
999 0 |a Environmental Law